Missing Word: Book Titles Quiz Stats

Quiz Updated Jun 19, 2012

Challenge
Share
Tweet
Embed
Score 0/24 Timer 03:00
3 Plays Today
Title Missing Word % Correct
The Da Vinci _____Code
98.9%
The Lion, the _____ and the WardrobeWitch
96.2%
A Tale of Two _____Cities
93.5%
One Flew _____ the Cuckoo's NestOver
92.7%
Where the Wild _____ AreThings
92.6%
A _____ of Unfortunate EventsSeries
88.4%
The Time Traveler's _____Wife
88.3%
Harry Potter and the _____ of the PhoenixOrder
87.3%
Midnight in the Garden of _____ and Evil Good
87.1%
The _____ for Red OctoberHunt
84.3%
Anne of Green _____Gables
82.5%
Diary of a _____ KidWimpy
75.3%
Title Missing Word % Correct
The Great _____ RobberyTrain
72.3%
The Lovely _____Bones
72%
The Bridges of Madison _____County
70.9%
Love in the _____ of Cholera Time
65.6%
The _____ RunnerKite
60.9%
The _____ Who Loved Tom GordonGirl
53.1%
The Andromeda _____Strain
48%
The _____ Karamazov Brothers
44.8%
Zen and the _____ of Motorcycle MaintenanceArt
44.7%
The Satanic _____Verses
35.2%
The _____ Lieutenant's WomanFrench
33.3%
I Am _____ (And So Can You!)America
30.2%

Today's Daily Dose

You're not logged in!

Compare scores with friends on all Sporcle quizzes.
Join for Free
OR
Log In

You Might Also Like...

Show Comments

Extras

Top Quizzes Today


Score Distribution

Your Account Isn't Verified!

In order to create a playlist on Sporcle, you need to verify the email address you used during registration. Go to your Sporcle Settings to finish the process.

Report this User

Report this user for behavior that violates our Community Guidelines.

Details: